|
|
|
|
| LEADER |
00000nam a22000005a 4500 |
| 001 |
vtls008413411 |
| 003 |
SK-MaSNL |
| 005 |
20260302004253.0 |
| 008 |
210928s1975 xr o g f 000 0dcze |
| 020 |
|
|
|a (brož.)
|
| 040 |
|
|
|a SNK
|b slo
|c SNK
|e AACR
|
| 041 |
0 |
|
|a cze
|
| 043 |
|
|
|a e-xr---
|
| 044 |
|
|
|a xr
|c CZ
|
| 072 |
|
7 |
|a 681
|x Presná mechanika a prístroje. Hudobné nástroje
|2 konspekt
|
| 080 |
|
|
|a 681.81
|2 MDT-MRF
|
| 080 |
|
|
|a (437.1)
|2 MDT-MRF
|
| 080 |
|
|
|a (035)
|2 MDT-MRF
|
| 245 |
0 |
0 |
|a J. Vávra, J. Pötzl, L. Šefl, K. Zdražil, E. Lupač, J. Pötzl, M. Pikart, J. Budil, R Oberländer, F. Zakopčaník, J. Lavička, I. Rohožka, J. Kubla, H. Schneider
|c [fotografie: F. Holman, J. Váša]
|
| 260 |
|
|
|a Hradec Králové
|b Odbor propagace a výstavnictví Čs. hudební nástroje
|c [1975]
|
| 300 |
|
|
|a [40] s.
|b fotogr.
|c 21 cm
|
| 500 |
|
|
|a Názov z obalu
|
| 650 |
0 |
7 |
|a výroba hudobných nástrojov
|2 SNKPH
|9 69796
|
| 651 |
|
7 |
|a Luby (Cheb, Česko)
|2 SNKPHgeo
|9 82442
|
| 655 |
|
7 |
|a príručky
|2 SNKPH
|9 74364
|
| 700 |
1 |
|
|a Holman, F.
|4 pht
|9 644042
|
| 700 |
1 |
|
|a Váša, J.
|4 pht
|9 644043
|
| 958 |
|
|
|a OND
|
| 999 |
|
|
|c 995255
|d 997185
|
| 952 |
|
|
|a SNK
|b SNK
|y PREZ
|7 0
|p 17A0491954
|o snkOSB 14443
|i snk2005/20695
|8 3
|g 3.32
|0 0
|1 0
|4 0
|d 2005-12-05
|l 0
|r 2026-02-24 12:01:52
|w 2026-02-24
|